Coupe Arabe 2021 - Statistiques

Statistiques générales
  • Ce quiz a été pris 125 fois
  • Le résultat moyen est 13 sur 16
Statistiques - réponses
% Correct
2 Algérie
100%
1 Maroc
99%
1 Tunisie
97%
3 Arabie saoudite
90%
1 Egypte
90%
1 Qatar
88%
2 Émirats Arabes Unis
86%
3 Irak
85%
3 Liban
83%
3 Syrie
83%
2 Jordanie
78%
2 Oman
77%
4 Soudan
77%
4 Bahreïn
74%
4 Mauritanie
73%
4 Palestine
65%
Aucun quiz correspondant
Distribution des résultats
% des personnes avec chaque résultat
Percentile par nombre de réponses
Votre historique - résultats
Vous n’avez pas pris ce quiz